00444nam a2200205Ia 4500003000900000008004100009040001300050040001300063041000800076100001700084245004200101250000900143260001200152260000900164300001100173300001000184490001200194490000700206600002500213IT-RoPAU120407s9999 xx 000 0 und d aIT-RoPAU cIT-RoPAU aita aPietro Prini aStoria dell’esistenzialismo. 2. ed. aRoma aStudium c1972 a209 p. c23 cm aCultura v42 a1. Esistenzialismo .